[Event "Gashimov Memorial-A 1st"]
[Site "Shamkir"]
[Date "2014.04.20"]
[Round "1"]
[White "Nakamura, Hikaru"]
[Black "Caruana, Fabiano"]
[Result "1/2-1/2"]
[WhiteElo "2772"]
[BlackElo "2783"]
[Annotator "Sumets,A"]
[PlyCount "121"]
[EventDate "2014.04.20"]
[EventType "tourn"]
[EventRounds "10"]
[EventCountry "AZE"]
[EventCategory "22"]
[SourceTitle "CBM 160"]
[Source "ChessBase"]
[SourceDate "2014.05.15"]
[SourceVersion "1"]
[SourceVersionDate "2014.05.15"]
[SourceQuality "1"]

1. Nf3 Nf6 2. c4 c5 3. Nc3 Nc6 4. d4 cxd4 5. Nxd4 e6 6. a3 Bc5 7. Nb3 Be7 8. e4
O-O 9. Be2 b6 10. O-O Ba6 {The main idea of Black's last move is to exert
pressure on c4. Sooner or later, White should play Nd2, where he might be
placed worse than on b3 and then Black will play ...Bb7.} ({Those, who doesn't
believe in it, could play another popular line} 10... Bb7 11. Bf4 (11. f4 d6
12. Be3 Rc8 13. Bf3 Qc7 14. Rc1 Qb8 15. Qe2 Rfe8 16. Rfd1 Bf8 17. Kh1 Ne7 18.
Nd2 Ba6 19. b4 Ng6 20. g3 Rc7 21. a4 Rec8 22. Na2 $6 (22. b5 Bb7 23. Ra1 Nd7
24. a5 $14) 22... d5 23. e5 Ne4 24. b5 Bb7 25. cxd5 {1/2 Jakovenko, D (2718)
-Bocharov,D (2595) Olginka 2011}) 11... d6 12. Rc1 Rc8 13. Re1 Ne5 14. Nd2 Nfd7
{An aggressive plan, which is connected with ...Kh8 and ...g5.} ({A usual way
is} 14... Ned7 15. Bf1 a6 16. Be3 Re8 {etc}) 15. b4 Kh8 16. Bg3 g5 17. Nb3 a6
18. Bf1 (18. Qd4 $5 Bf6 19. Qxd6 Nxc4 20. Bxc4 Rxc4 21. e5 Bg7 22. Red1 Qc8 $1
$13) 18... Rg8 19. Na4 Bc6 20. Nd4 Bb7 21. Nb3 Bc6 22. Nd4 Bb7 23. Nb3 {
1/2 Van Wely,L (2692)-Gashimov,V (2761) Wijk aan Zee 2012}) 11. Bf4 (11. f4 {
This move seems to me more dangerous for Black than Bf4.} d6 12. Be3 Rc8 13.
Rc1 Re8 14. Rf2 (14. Bf2 Bb7 15. Nd2 Bf8 16. b4 Ne7 (16... e5 $5 17. Be3 (17.
f5 Nd4 18. Bd3 Be7 19. Kh1 h6 $13) 17... exf4 18. Bxf4 Ne5 19. Nd5 Be7 $11) 17.
Bf3 Ng6 18. g3 h6 19. Re1 Qc7 20. Qe2 Qb8 21. Nf1 Bc6 22. Ne3 a6 $13 {
Khairullin,I (2631)-Jakovenko,D (2736) Tyumen 2012 1/2 (57)}) 14... Nb8 15. Qf1
Nbd7 16. Nd2 Bb7 17. Bf3 e5 18. g3 $5 (18. f5 a6 19. Qe2 h6 $13) 18... a6 19.
b4 exf4 (19... h5 $6 20. h3 h4 21. Rg2 hxg3 22. f5 Nh7 23. Rxg3 Kh8 24. Qg2 $40
) 20. gxf4 Bf8 21. Bd4 b5 $2 (21... g6 22. Rd1 Qc7 $132) 22. cxb5 axb5 23. Re1
Bc6 24. Nxb5 Ra8 25. Bb2 Qb6 26. Nd4 $16 {Iturrizaga Bonelli,E (2616)
-Moiseenko,A (2677) Moscow 2010 1-0 (46)}) 11... d6 12. Nd2 {A rare line.
Usually White waits untill the opponent plays ...Ne5 and only then does he
play Nd2. The main line is Re1.} (12. Re1 Ne5 (12... Rc8 13. Bf1 Ne5 14. Nd2
Bb7 15. Rc1 Qc7 16. Bg3 Ned7 $2 (16... a6 17. b4) 17. c5 $3 Qb8 (17... bxc5 18.
Nc4 Ne8 19. Nb5 Qb8 20. Ncxd6 Nxd6 21. Nxd6 $18) 18. cxd6 Bxd6 19. Bxd6 Qxd6
20. Nc4 Qb8 21. Qd6 Ba6 22. Qxb8 Rxb8 23. e5 Ng4 24. f4 Nc5 25. h3 Nh6 26. g4
$16 {1-0 (49) Bacrot,E (2695)-Avrukh, B (2645) Kemer 2007}) 13. Nd2 Rc8 (13...
Qd7 14. b3 Rad8 15. Bg3 Ng6 16. h3 Rc8 17. Ra2 Bb7 18. Qa1 Rfd8 19. Bd1 a6 20.
a4 a5 (20... Qc7 $1 21. Be2 {preparing a piece sacrifice} (21. a5 $2 b5 $17)
21... Nd7 22. a5 $5 b5 23. cxb5 $8 Qxc3 24. Qxc3 Rxc3 25. bxa6 Ba8 26. b4 d5
27. b5 $44) 21. Nb5 Rc5 22. Qb1 Qc8 23. Rc2 Bf8 24. Rc3 d5 25. exd5 Nxd5 $1 $11
{Sasikiran,K (2664)-Bacrot,E (2700) Khanty-Mansiysk 2009 0-1 (57)}) 14. b3 Ng6
15. Bg3 Bb7 16. b4 d5 17. e5 Nd7 18. Bf1 Bh4 19. f4 f6 20. cxd5 $2 ({White
could get an advantage after} 20. Bxh4 Nxh4 21. Nb5 fxe5 (21... dxc4 22. Nd6
Rc7 23. Nxb7 Rxb7 24. Bxc4 $16) 22. Nd6 Rc7 23. Nxb7 Rxb7 24. cxd5 exd5 25. Nc4
$1) 20... Bxg3 21. hxg3 Rxc3 22. Ne4 Rc7 23. dxe6 Bxe4 24. Rxe4 Nb8 $13 {
Olafsson,H (2595)-Anand,V (2610) Novi Sad 1990 0-1 (35)}) 12... Rc8 13. Re1 Nd7
(13... Ne5 {leads to the game Olafsson,H-Anand,V.}) 14. b4 Bb7 (14... Bf6 15.
Rc1 Bxc3 $6 16. Rxc3 Qf6 17. Rf3 Nd4 {It seems that Black wins an exchange but
after} 18. Bxd6 Nxf3+ 19. Bxf3 {due to the threat e5 with the subsequent b5 he
has no time to save the exchange} Qc3 (19... Rfd8 20. e5 Qh6 21. b5 Bxb5 22.
cxb5 Nxe5 23. Bxe5 Qxd2 24. Qxd2 Rxd2 25. h3 $16) 20. Nb1 Qxc4 $2 (20... Qb2
21. Bxf8 Nxf8 22. b5 Bb7 {with some compensation for the pawn}) 21. Bxf8 Nxf8
22. Be2 Qxe2 23. Rxe2 Bxe2 24. Qd2 $16 {Krasenkow,M (2595) -Ciemniak,R (2415)
Lubniewice 1993 1-0 (45)}) 15. Rc1 {A hedgehog pawn formation is on the board.
Here we can see that both sides have placed their knights on atypical
positions. The black knight, which is placed on c6, usually should be placed
on f6 or on e8. The white knight usually is on d4 or b3 but not on d2. Within
several moves Black fixes this drawback.} a6 16. Bf1 Re8 17. Qe2 {White could
put his queen on f2. It's not easy for White to find the best setup against a
hedgehog defence.} Nce5 18. Be3 Nf6 19. Na4 Ned7 {Black dislocate his knights
on the typical squares.} 20. Bd4 Qc7 21. f3 Bc6 22. Nc3 Qb8 23. Kh1 (23. Qf2
Bd8 24. Kh1 $13) 23... Bd8 24. a4 Bc7 (24... Ne5 25. b5 Bb7 $6 26. c5 $1 dxc5
27. Bxe5 Qxe5 28. bxa6 Bc6 29. Nc4 Qh5 (29... Qb8 30. Rb1 $5 (30. e5 Nd5 31.
Nd6 Bh4 32. g3 Be7 33. Nxe8 Rxe8 $14 {Black has some compensation for the
exchange}) 30... Nd7 31. e5 Bc7 32. Nb5 $16) 30. e5 Nd5 31. Nxd5 exd5 32. Nd6
$16 {winning an exchange.}) 25. g3 Qa8 26. Ra1 Bb7 27. Bg2 h6 28. Rec1 Qb8 29.
Re1 Qa8 {Neither player sees how to strengthen his position.} 30. Rec1 Qb8 31.
f4 {Hikaru doesn't agree to a draw by repetition.} (31. Re1 Qa8 $11) 31... e5 {
A typical and very logical move. However I suppose that Caruana's last move is
a premature one. He should have prepared it better.} ({For example} 31... Qa8
32. Kg1 (32. g4 $2 e5 $1 33. fxe5 Nxe5 34. Nd5 Bd8 35. h3 a5 36. b5 Nfd7 $17) {
now is the time to play} 32... e5 33. fxe5 dxe5 34. Be3 Bd6 35. Rab1 a5 36. b5
Ba3 37. Rf1 Bb4 $11 {So everything in the hedgehog defence is based on tactics.
}) 32. fxe5 Nxe5 $6 {I believe that Fabiano should have played 32...dxe5.
Let's see some lines.} (32... dxe5 33. Be3 a5 34. bxa5 bxa5 35. Bh3 Bd8 36. Nd5
Bc6 37. Rcb1 Qa8 38. Kg1 $14) 33. Nd5 {An inaccuracy.} (33. Bh3 $1 Rcd8 34. Nd5
{Black can't play ...Bd8 so it is not easy to find the right squares for his
pieces.} Nh7 (34... Nxd5 $6 35. cxd5 $16) 35. Rf1 Ng5 36. Bf5 Ne6 37. Be3 $16)
33... Nxd5 {It is not easy to recommend something good for Black, but probably
he shouldn't have traded the knights on d5.} (33... Bd8 $5 34. Nxb6 Bxb6 35.
Bxb6 Nxe4 36. Nxe4 Bxe4 37. Qxe4 Qxb6 38. b5 a5 39. Qf5 Rxc4 40. Rxc4 Nxc4 41.
Bd5 Ne5 42. Rf1 $44 {The activity of White's pieces is more important than the
sacrificed pawn.}) 34. cxd5 Bd8 35. Nf3 $6 {A strange move.} (35. b5 $1 a5 {
He would have a choice between the solid 36.Nc4 and the aggressive 36.Rc6!} 36.
Nc4 (36. Rc6 $1 Bxc6 37. dxc6 Bc7 38. Rf1 Re7 39. Nb1 $1 $16 {Black is short
of a move. Probably his position is lost.}) 36... Nxc4 37. Rxc4 Rxc4 38. Qxc4
Qc7 39. Qd3 Bc8 40. Qa3 Bd7 41. Rc1 Qb8 42. Qc3 $16) 35... Nd7 $1 {Now b5 will
be met with ...Nc5.} 36. Qd3 Bf6 37. Bh3 Bxd4 38. Qxd4 $6 (38. Nxd4 {White
still wants to play b5 and Nc6.} Rxc1+ 39. Rxc1 Nf6 40. Bg2 Ng4 41. Qd2 Qd8 42.
h3 Ne5 43. Nc6 Qa8 $1 (43... Qd7 44. b5 axb5 45. axb5 $14) 44. b5 axb5 45. axb5
Nd7 46. Qf4 Qa3 $11) 38... Rxc1+ 39. Rxc1 Qd8 40. Kg1 Re7 $11 {The position is
about equal. Probably complicated lines, which he had to calculate during
first 40 moves, made Hikaru so tired that he soon got a hopeless position. It
has happened to many players who have fought against the Hedgehog Defence.} 41.
Rc3 a5 $1 42. b5 $6 (42. Bxd7 $6 axb4 43. Qxb4 Qxd7 44. Kf2 Qe8 $15) (42. bxa5
bxa5 43. Bf5 $1 {an artificial but strong move} Qe8 (43... g6 $6 44. Bxd7 Qxd7
45. Nd2 $14 {Due to g6 Black has some problem with the king.}) 44. Rc4 Nc5 45.
e5 Nd7 46. exd6 Re1+ 47. Nxe1 Qxe1+ 48. Kg2 Qe2+ 49. Kg1 Qe1+ $11) 42... Nc5
43. Re3 Bc8 {Now Black is the side who is playing to win.} 44. Bg2 Bg4 $15 45.
Ne1 Bh5 (45... Qc8 $1 {preventing Nd3} 46. Bf1 (46. Nd3 $2 Nxd3 47. Qxd3 Rc7
$17) 46... Bh3 47. Bxh3 Qxh3 48. Nd3 Nxd3 49. Rxd3 Qg4 50. Re3 Rc7 $15 {
White's position is very unpleasant.}) 46. Nc2 $2 {He missed his chance to
save the game.} (46. Nd3 $1 Nxd3 (46... Rc7 $2 47. Nf4 Bg6 48. e5 $14) (46...
Qc7 47. Nxc5 dxc5 48. Qc3 $11) 47. Rxd3 Rc7 48. h3 $1 Rc1+ 49. Kh2 Qc7 50. e5
$1 dxe5 51. d6 $1 exd4 52. dxc7 Rxc7 53. Rxd4 Rc2 54. Kg1 $44 {Due to the
weakness of the black pawn on b6, White should be able to make a draw. For
example} Ra2 55. Rd6 Rxa4 56. Rxb6 Rb4 57. g4 Bg6 58. Rb8+ Kh7 59. b6 Be4 60.
Bxe4+ Rxe4 61. b7 Rb4 62. Ra8 Rxb7 63. Rxa5 $11) 46... Bg6 47. Qc4 Re8 48. Nd4
Qf6 $17 49. Nb3 $6 Nxb3 50. Rxb3 (50. Qxb3 Qd4 $19) 50... Qa1+ 51. Kf2 f5 $1
$19 52. Re3 fxe4 53. Bxe4 Qe5 54. Kf3 Bxe4+ $2 ({The simple move} 54... Bh5+ $1
{leads to victory.} 55. g4 (55. Kf2 Qf6+ 56. Kg2 Rf8) (55. Kg2 Qb2+ 56. Kg1 Qd2
) 55... Qxh2 56. gxh5 Rf8+ $19) 55. Rxe4 Qf5+ {Now the most likely outcome of
the game is a draw. Nevertheless, the exposed king creates some problems for
Nakamura.} 56. Ke3 Rc8 57. Qd3 Rf8 58. Kd2 $2 (58. Rf4) 58... Qg5+ $1 59. Kc2
Rf2+ 60. Kb3 Qf6 $2 (60... Rxh2 61. Re8+ Kf7 62. Re3 (62. Rb8 Qe5 63. Rb7+ Ke8
64. Qg6+ Kd8 $19) 62... Qh5 63. Rf3+ Kg8 64. Qe4 Rg2 $17) (60... Qc1 $1 {
The winning continuation.} 61. Re8+ Kf7 62. Re2 Rxe2 63. Qxe2 Qb1+ 64. Kc3 Qb4+
65. Kd3 Qa3+ 66. Ke4 Qxa4+ 67. Kf3 Qb3+ 68. Ke4 a4 $19) 61. Re2 1/2-1/2

[Event "WchT 9th"]
[Site "Antalya"]
[Date "2013.11.30"]
[Round "5.4"]
[White "Bu, Xiangzhi"]
[Black "Robson, Ray"]
[Result "1-0"]
[WhiteElo "2683"]
[BlackElo "2613"]
[Annotator "Sumets,A"]
[PlyCount "97"]
[EventDate "2013.11.26"]
[EventType "team-tourn"]
[EventRounds "9"]
[EventCountry "TUR"]
[SourceTitle "CBM 158"]
[Source "ChessBase"]
[SourceDate "2014.01.16"]
[SourceVersion "1"]
[SourceVersionDate "2014.01.16"]
[SourceQuality "1"]
[WhiteTeam "China"]
[BlackTeam "US of America"]
[WhiteTeamCountry "CHN"]
[BlackTeamCountry "USA"]

1. Nf3 c5 2. c4 Nc6 3. d4 cxd4 4. Nxd4 Nf6 5. Nc3 e6 6. a3 (6. g3 Qb6 {is the
main line.}) 6... Be7 {Black can choose between different types of of
positions. He can play the Hedgehog (6...Bc5 or 6...Be7) or the Tarrasch
Defence (6...d5) or the Sicilian Defence (6...Nxd4 7.Qxd4 b6 or 6...a6).} (6...
Bc5 7. Nb3 Be7 8. e4 O-O 9. Be2 b6 10. O-O Bb7 11. Bf4 d6 12. Rc1 Rc8 13. Re1
Ne5 14. Nd2 Nfd7 15. b4 Kh8 16. Bg3 g5 $5 17. Nb3 a6 18. Bf1 Rg8 19. Na4 Bc6 (
19... Rg6 $2 20. c5 $16 bxc5 21. bxc5 dxc5 $2 22. Naxc5 $18) 20. Nd4 Bb7 21.
Nb3 Bc6 22. Nd4 Bb7 23. Nb3 {1/2 (23) Van Wely,L (2692) -Gashimov,V (2761)
Wijk aan Zee 2012}) (6... d5 7. cxd5 exd5 8. g3 {The position which has arisen
is similar to the Tarrasch Defence. However White has made the rather
unnecessary move a3.} (8. Bg5 Bc5 9. e3 O-O 10. Be2 Bxd4 11. exd4 h6 12. Bh4
Qd6 13. Bg3 Qe7 14. Qd3 Re8 15. O-O Bf5 $1 16. Qd2 (16. Qxf5 $2 Nxd4 $17) 16...
Ne4 17. Nxe4 Qxe4 18. Bb5 Qxd4 $1 (18... Re6 19. Rfd1 Qc2 20. Rac1 Qxd2 21.
Rxd2 a6 22. Bf1 Rd8 23. f3 $14) 19. Qxd4 Nxd4 20. Bxe8 Ne2+ 21. Kh1 Rxe8 22.
Rad1 d4 23. Rd2 d3 24. Rfd1 Nd4 25. h3 Nb3 $11 {Ponomariov,R (2705)-Nisipeanu,
L (2668) Vitoria Gasteiz 2007 1/2 (40)}) 8... Bc5 9. Nxc6 bxc6 10. Bg2 O-O 11.
O-O Re8 12. Qa4 Bg4 (12... Bd7 13. Bg5 Rb8 14. Qc2 Bb6 $132) 13. Bg5 Bxe2 14.
Nxe2 Rxe2 15. Rac1 Bb6 16. Qxc6 Qe8 17. Bxf6 Qxc6 18. Rxc6 gxf6 19. Bxd5 Rd8
20. Bc4 Rxb2 21. Rxf6 $14 {Ponomariov,R (2718) -Mamedyarov,S (2742) Moscow
2008 1/2 (87)}) (6... Nxd4 7. Qxd4 b6 8. Qf4 Be7 9. e4 d6 10. Qg3 O-O 11. Bh6
Ne8 12. Bd2 Nf6 13. Rd1 Qc7 14. Bh6 Ne8 15. Bd3 Ba6 16. Rc1 Rc8 17. Bd2 Nf6 18.
O-O Nd7 19. b3 Rfe8 20. Kh1 Bb7 21. f4 a6 22. Qh3 Bf8 23. b4 g6 24. Ne2 Bg7 $11
{Jakovenko,D (2708)-Moiseenko,A (2630) Dresden 2007 1-0 (39)}) (6... a6 7. e4
Qc7 8. Be3 Nxd4 9. Bxd4 Bd6 10. Qd3 Be5 11. Bxe5 Qxe5 12. Qg3 $6 (12. Be2 O-O
13. O-O Qc7 14. Rad1 b6 15. f4 $16) 12... Qxg3 13. hxg3 d6 $11 14. f3 Ke7 15.
g4 g5 16. Be2 Bd7 17. Kf2 h5 18. gxh5 Rxh5 {1/2 Tratar,M (2494)-Lenic,L (2565)
Otocec 2009}) 7. e4 O-O 8. Nf3 Qc7 9. Be2 b6 10. O-O Bb7 {To compare with a
typical hedgehog position Black's knight is placed on c6, whereas it should be
on d7. On the other hand White hasn't yet finished the development of his
pieces and his knight on f3 is misplaced.} 11. Bg5 (11. g3 Rfd8 (11... Ne5 12.
Nxe5 Qxe5 13. Bf4 Qc5 14. Qd3 d6 15. Rfd1 Rfd8 16. Rd2 $11) 12. Bf4 d6 13. Rc1
Rac8 14. Re1 (14. Nd5 $6 Qb8 15. Nxe7+ Nxe7 16. Bg5 Qa8 $15) 14... Qb8 15. Bf1
Ne5 16. Nd2 Qa8 17. h4 h6 18. h5 Nfd7 19. b4 Nf6 20. Qe2 Rd7 21. Na4 Rdc7 22.
Nb2 Nfd7 23. Nb3 Bf6 (23... a5 $5 24. Bg2 Ba6 $15) 24. Nd4 a6 $11 {Lenic,L 
(2602)-Ponkratov,P (2604) Martuni 2010 1-0 (105)}) 11... Rad8 12. Rc1 (12. Re1
h6 13. Bh4 d6 14. Bf1 Ne5 15. Nd4 (15. Nxe5 $6 dxe5 16. Qc2 g5 17. Bg3 Nh5 $15)
15... Qb8 16. Bg3 Qa8 17. Qe2 (17. Qc2 $6 Nh5 $1 $15) 17... Rc8 18. b3 a6 19.
Rac1 Rfe8 20. h3 Ned7 21. b4 $2 (21. Rc2 Nc5 22. f3 Qb8 $11) 21... Ne5 22. Bxe5
dxe5 $15 {Kovalyov,A (2593)-Akopian,V (2703) St Petersburg 2012 0-1 (51)})
12... Qb8 13. Re1 Ne5 $5 (13... h6 14. Bh4 d6 15. Bf1 Rfe8 16. Nd4 $6 Nxd4 17.
Qxd4 g5 $1 {An ambitious approach. To get an equal or even superior game Black
needs to trade off White's dark-squared bishop.} 18. Bg3 Nh5 19. Be2 Bf6 20.
Qd3 Nxg3 21. hxg3 Bc6 22. b4 Be5 $11 {Vallejo Pons, F (2686) -Anand,V (2786)
Monte Carlo 2005 0-1 (60)}) 14. Bh4 Ng6 15. Bg3 Qa8 16. Bd3 $2 {A mistake, now
Black has a superior position.} (16. Nd2 {I think that this was the only
reasonable move.} Nxe4 $5 (16... d6 17. Bf1 a6 18. b4 Rfe8 19. Qe2 Qb8 {
Black has nothing to complain about.}) 17. Ndxe4 f5 $5 (17... Bxe4 18. Nxe4
Qxe4 19. Bc7 Rc8 20. Bf3 (20. Qxd7 $4 Qb7) 20... Qf5 21. Qxd7 Bf6 22. Bb7 Rce8
23. Be4 Qa5 $132) 18. Nd6 f4 19. Nxb7 fxg3 20. hxg3 Qxb7 21. Bf3 Qb8 $13) 16...
Nh5 $15 17. Bb1 (17. e5 Nxg3 (17... Bxf3 $5 18. Qxf3 Qxf3 19. gxf3 f5 20. exf6
Rxf6) 18. hxg3 d6 19. exd6 Rxd6 20. Qe2 Rfd8 $15) 17... Nxg3 18. hxg3 Qb8 (
18... d6 $5 19. Qe2 Rc8 20. Red1 Rfd8 {Black needs to put his knight on f6 and
prepare a breakthrough in the centre with ...b5 or ...d5.}) 19. Qe2 (19. e5 d6
20. exd6 Rxd6 21. Qe2 Rfd8 $15) 19... d6 20. Red1 Rc8 21. Nh2 Rfe8 22. Rc2 a6 (
{Black could have played} 22... Ne5 $5 23. Ba2 Ba6 $1 {The point. It seems to
me that Black has a small advantage in all lines. Also, it should be said that
White doesn't have any real chance to win the game.} 24. b3 (24. Nb5 Bxb5 25.
cxb5 Rxc2 26. Qxc2 Rc8 27. Qd2 Qc7 $15) 24... b5 25. cxb5 Bxb5 26. Nxb5 Rxc2
27. Qxc2 Qxb5 28. b4 a5 $15) 23. Ba2 Qc7 (23... Ne5 $5 24. f4 Nd7 25. g4 h6 $15
) 24. f4 Bf6 {It's too sophisticated for me} (24... Nf8 25. Rcd2 Red8 26. Nf3
Nd7) 25. Ng4 Qc5+ 26. Kf1 Bxc3 $2 {Giving up his strong bishop Black allows
his opponent to equalise the game.} (26... Be7 27. b4 Qc7 28. Kg1 Nf8 $15 {
The knight should be placed on f6.}) 27. Rxc3 a5 $11 28. Nf2 h5 $2 {This only
weakens his position. White keeps the centre under control, so the idea of
h5-h4 is a mirage.} (28... Ba6 {provokes 29.e5 which is not dangerous for
Black:} 29. e5 $6 (29. Qd2 Red8 30. Kg1 a4 31. Rd3 Bxc4 32. Bxc4 Qxc4 33. Rxd6
Rxd6 34. Qxd6 b5 $11) 29... dxe5 30. Ne4 Qc7 31. fxe5 (31. Nd6 exf4 32. Nxe8
Rxe8 33. gxf4 Nxf4 34. Qe3 e5 $15) 31... Rcd8 32. Nd6 Rf8 33. Qe3 f6) (28...
Red8 {another normal move} 29. Kg1 h6 30. Rcd3 Ne7 31. Qe1 Nc6 32. R3d2 Ne7 33.
Rd3 Nc6 $11) 29. Qd2 Red8 30. Rd3 $16 d5 {This seems to be a forced pawn
sacrifice.} (30... e5 31. b4 axb4 32. axb4 Qc7 33. f5 Ne7 34. Qg5 $16) (30...
h4 31. gxh4 Nxh4 32. Rxd6 Rxd6 33. Qxd6 $18) 31. Kg1 (31. cxd5 $1 exd5 (31...
Ba6 32. dxe6 Qc2 33. exf7+ Kf8 34. Be6 $16) 32. Bxd5 Ba6 33. Bb7 $1 Bxd3+ 34.
Nxd3 Qc2 35. Bxc8 Rxc8 36. Qe2 $16) 31... Ne7 32. cxd5 exd5 33. exd5 Qc2 $6 (
33... Nf5 34. Rc3 Qb5 $1 (34... Qe7 35. Rxc8 Bxc8 36. Re1 Qc5 37. Kh2 $16) 35.
Rxc8 (35. g4 $6 hxg4 36. Nxg4 Rxc3 37. Qxc3 Qe2 38. Nf2 Rc8 $44) 35... Rxc8 36.
Bb1 Nd6 37. Ne4 Rd8 38. Nxd6 Qc5+ 39. Kh2 Qxd6 {Black retains chances to draw
the game.}) 34. Qe3 $1 Nf5 {Desperation.} (34... Qc5 35. Qe5 Re8 36. Qxh5 $18)
(34... Qxb2 $4 35. Qxe7 Qxa2 36. Qxb7) (34... Ba6 35. R3d2 Qc5 36. Qe5 g6 37.
d6 $18) 35. Qxb6 Rb8 36. Rc3 Qe2 37. Bc4 Qe7 38. Qxa5 $18 {White has 3 pawns
up. It is too much.} h4 39. gxh4 Qxh4 40. Rf3 Rbc8 {Of course, in team
competitions you should play till the end, but it is hard to find any
reasonable chance for Black.} (40... Re8 41. Qd2 Ng3 42. Re1) 41. b3 Ng3 42.
Re1 Rd6 43. Ree3 Nf5 44. Re5 Nd4 (44... Ng3 45. Rg5 {and the knight is trapped.
}) 45. Rh3 $1 Qxf4 46. Qe1 $18 f5 47. Re8+ Kf7 48. Qe7+ Kg6 49. Nd3 1-0

[Event "Olympiad-29"]
[Site "Novi Sad"]
[Date "1990.11.26"]
[Round "9"]
[White "Morovic Fernandez, Ivan"]
[Black "Timman, Jan H"]
[Result "1/2-1/2"]
[WhiteElo "2530"]
[BlackElo "2660"]
[Annotator "Timman,J"]
[PlyCount "86"]
[EventDate "1990.11.17"]
[EventType "team-swiss"]
[EventRounds "14"]
[EventCountry "YUG"]
[SourceTitle "TD"]
[Source "ChessBase"]
[SourceDate "1994.03.01"]
[SourceVersion "1"]
[SourceVersionDate "1994.03.01"]
[SourceQuality "1"]
[WhiteTeam "Chile"]
[BlackTeam "Netherlands"]
[WhiteTeamCountry "CHI"]
[BlackTeamCountry "NED"]

1. Nf3 Nf6 2. c4 c5 3. Nc3 Nc6 4. d4 cxd4 5. Nxd4 e6 6. g3 Qb6 7. Nb3 Ne5 8. e4
Bb4 9. Qe2 d6 10. f4 Nc6 11. Be3 Bxc3+ 12. bxc3 Qc7 13. Bg2 O-O 14. c5 d5 15.
e5 Nd7 16. c4 d4 17. Nxd4 Nxd4 18. Bxd4 Nxc5 19. Qe3 (19. O-O Bd7 $10) 19...
Na4 20. Rc1 (20. O-O $5 {Timman-Sax, Reykjavik 1988 P 20... c4 21. fc1~/=})
20... Bd7 21. O-O Rac8 {P 22. f2 b5, 21... c6?! 22. h3 P 23.f5[]} 22. g4 Bc6
23. Bh3 (23. f5 Bxg2 24. f6 Be4 $1 $13) 23... b6 24. f5 Kh8 25. g5 (25. f6 $2
Rg8 $17) 25... exf5 $1 $8 (25... Bd7 $2 26. g6 $1 hxg6 27. f6 $1 Kh7 28. Qg5 $1
$18) 26. Bxf5 Bd7 {[#]} 27. Bc2 (27. e6 Bxe6 28. Bxe6 $142 (28. Bc2 $142 Nc5
29. Qc3 (29. Bxg7+ $142 $2 Kxg7 30. Qd4+ Kg8 31. Bxh7+ Kxh7 32. Rf6 Kg8 33. Rh6
f6 $19) 29... Rg8 $13) 28... fxe6 29. Qxe6 (29. g6 $143 $5 e5 $1 $10) 29... Nc5
$15 30. g6 $5) 27... Nc5 28. Rf4 Be6 29. Qf2 Qe7 30. Qh4 g6 (30... h6 $2 31.
Rf6 $1 $18) 31. Rcf1 {P 32. h6, 33. h4; 32... g8} (31. Qh6 $2 Rg8 $17) 31... h5
$8 32. Bd1 $1 (32. gxh6 Qxh4 33. Rxh4 Rfd8 $17) 32... Kg7 33. Bxh5 {[#]} Ne4 $1
$8 (33... Rh8 34. Rxf7+ $1 $18) 34. Rf6 (34. Bxg6 Qxg5+ 35. Qxg5 Nxg5 36. Bf5
Bxf5 37. Rxf5 $10) 34... Qd7 $1 35. Qxe4 (35. Ba1 Qd2 $1 $15) 35... gxh5 36.
Rh6 (36. g6 Rxc4 37. gxf7 (37. Rxf7+ $2 Bxf7 38. e6+ Qxd4+ 39. Qxd4+ Rxd4 40.
e7 Rg4+ $19) 37... Qxd4+ 38. Qxd4 Rxd4 39. Rxe6 Rxf7 $10) 36... Rh8 37. Rff6 {
P 38. fg6} Rxh6 38. Rxh6 Rh8 39. Qf4 (39. Rxh8 $10) 39... Rxh6 40. gxh6+ Kh7
41. Be3 $1 $10 Qd1+ 42. Kg2 Qc2+ 43. Bd2 Bxc4 1/2-1/2